[Event "International Championship of Central Se"]
[Site "Paracin, hotel "]
[Date "2012.07.13"]
[Round "9.1"]
[White "Pleshakov, Anton"]
[Black "Milosevic, Rade"]
[Result "1-0"]
[WhiteElo "2074"]
[BlackElo "2099"]
[PlyCount "71"]
[EventDate "2012.07.06"]

1. e4 c6 2. d4 d5 3. e5 Bf5 4. g4 Bd7 5. c3 e6 6. Be3 h5 7. gxh5 Qh4 8. Be2 Nh6
9. Qd2 Qd8 10. c4 Nf5 11. b3 Nxe3 12. fxe3 Qh4+ 13. Kd1 Na6 14. Nc3 Nc7 15. Qe1
Qe7 16. c5 O-O-O 17. Nh3 g6 18. Nf4 gxh5 19. Bxh5 Bh6 20. Nce2 Rhg8 21. Rg1 f6
22. Ng6 Qd6 23. Qf2 f5 24. Kd2 Rg7 25. Qh4 Be8 26. Ngf4 Qe7 27. Qf6 Bxh5 28.
Nxh5 Qxf6 29. exf6 Rf7 30. Rg6 Bf8 31. Rag1 Ne8 32. Nef4 Kd7 33. R1g2 b6 34.
Nd3 Rh7 35. Ne5+ Kc7 36. Nf4 1-0

[Event "International Championship of Central Se"]
[Site "Paracin, hotel "]
[Date "2012.07.13"]
[Round "9.2"]
[White "Kastelijn, Toine"]
[Black "Franca, Veronika"]
[Result "1/2-1/2"]
[WhiteElo "1946"]
[BlackElo "1849"]
[PlyCount "85"]
[EventDate "2012.07.06"]

1. d4 Nf6 2. c4 e6 3. Nc3 Bb4 4. e3 O-O 5. Nf3 c5 6. Bd3 d5 7. a3 cxd4 8. exd4
dxc4 9. Bxc4 Be7 10. O-O Nc6 11. Be3 b6 12. d5 exd5 13. Nxd5 Nxd5 14. Bxd5 Bb7
15. Be4 Qxd1 16. Rfxd1 Rad8 17. b4 Na5 18. Bxb7 Nxb7 19. Rac1 Rxd1+ 20. Rxd1
Rd8 21. Rxd8+ Nxd8 22. Nd4 f6 23. Kf1 a5 24. Nf5 Bf8 25. Bxb6 axb4 26. axb4 Nb7
27. b5 Kf7 28. Nd4 Ke7 29. Ke2 Kd6 30. Kd3 Kd5 31. Nb3 Bb4 32. Be3 Nd6 33. b6
Kc6 34. g4 g6 35. h4 h5 36. gxh5 gxh5 37. Nd2 Nf5 38. Ne4 Be7 39. Ng3 Nxh4 40.
Nxh5 Nf5 41. Nf4 Nxe3 42. fxe3 Bc5 43. b7 1/2-1/2

[Event "International Championship of Central Se"]
[Site "Paracin, hotel "]
[Date "2012.07.13"]
[Round "9.3"]
[White "Tomic, Slobodan"]
[Black "Popovic, Milan S"]
[Result "1/2-1/2"]
[WhiteElo "2090"]
[BlackElo "2083"]
[PlyCount "78"]
[EventDate "2012.07.06"]

1. Nf3 Nf6 2. g3 g6 3. b3 Bg7 4. Bb2 O-O 5. Bg2 d6 6. d4 c5 7. O-O cxd4 8. Nxd4
d5 9. e3 e5 10. Ne2 Nc6 11. Nd2 Re8 12. a3 Be6 13. Rc1 Qd7 14. c4 Rad8 15. cxd5
Bxd5 16. e4 Be6 17. Nc4 Bxc4 18. bxc4 Qe6 19. Qc2 Rc8 20. Qa4 Nd7 21. f4 Nc5
22. Qc2 f6 23. Rfd1 Red8 24. Rd5 Ne7 25. Rxd8+ Rxd8 26. Nc3 Nd3 27. Rd1 Qb6+
28. Kf1 Nxb2 29. Rxd8+ Qxd8 30. Qxb2 exf4 31. gxf4 Qd3+ 32. Ne2 Qxc4 33. Qxb7
Qc5 34. a4 Bf8 35. Bh3 Qb6 36. Qxb6 axb6 37. Bd7 Kf7 38. Kf2 Ng8 39. Nc3 Bc5+
1/2-1/2

[Event "International Championship of Central Se"]
[Site "Paracin, hotel "]
[Date "2012.07.13"]
[Round "9.4"]
[White "Dragojevic, Dragan"]
[Black "Ostojic, Nikola M"]
[Result "0-1"]
[WhiteElo "1968"]
[BlackElo "2048"]
[PlyCount "48"]
[EventDate "2012.07.06"]

1. e4 c5 2. f4 e6 3. Nf3 Nc6 4. c3 d5 5. Bd3 g6 6. O-O Bg7 7. Bc2 Nge7 8. Qe2
dxe4 9. Bxe4 b6 10. d4 cxd4 11. Qb5 Bd7 12. cxd4 Nxd4 13. Qd3 Bb5 14. Qd1 Bxf1
15. Qxf1 Rc8 16. Nc3 O-O 17. Be3 Nef5 18. Bf2 Nxf3+ 19. Bxf3 Qd2 20. Be1 Qxb2
21. Rb1 Qc2 22. Qe2 Qxe2 23. Nxe2 Nd4 24. Nxd4 Bxd4+ 0-1

[Event "International Championship of Central Se"]
[Site "Paracin, hotel "]
[Date "2012.07.13"]
[Round "9.5"]
[White "Radovic, Janko"]
[Black "Kostic, Tomislav"]
[Result "1-0"]
[WhiteElo "2024"]
[BlackElo "1833"]
[PlyCount "93"]
[EventDate "2012.07.06"]

1. e4 c5 2. c3 d5 3. exd5 Qxd5 4. d4 Nf6 5. Nf3 Bg4 6. Be2 Nc6 7. O-O e6 8. Be3
cxd4 9. cxd4 Be7 10. Nc3 Qd7 11. Qb3 Bxf3 12. Bxf3 Nb4 13. Bg5 Nbd5 14. Bxf6
Nxf6 15. Qxb7 Qxb7 16. Bxb7 Rb8 17. Bc6+ Kd8 18. Rab1 Rc8 19. Bb7 Rc7 20. Bf3
Rd7 21. Rbc1 Bb4 22. Bc6 Rxd4 23. Nb5 Rd2 24. Nxa7 Rxb2 25. Rb1 Rxa2 26. Rxb4
Rxa7 27. Rb8+ Kc7 28. Rxh8 Kxc6 29. h3 Kd7 30. Rb1 Ke7 31. Rhb8 Ra2 32. R8b7+
Kf8 33. Rc1 g5 34. Rcc7 Kg7 35. Rxf7+ Kg6 36. Rg7+ Kf5 37. Rb5+ e5 38. Re7 Ra1+
39. Kh2 Re1 40. g4+ Nxg4+ 41. hxg4+ Kf4 42. Kg2 e4 43. Rb4 h6 44. Re8 h5 45.
gxh5 g4 46. h6 Re2 47. Rexe4+ 1-0

[Event "International Championship of Central Se"]
[Site "Paracin, hotel "]
[Date "2012.07.13"]
[Round "9.6"]
[White "Majstorovic, Dusan"]
[Black "Litvinenko, Ekaterina"]
[Result "1/2-1/2"]
[WhiteElo "2050"]
[BlackElo "1914"]
[PlyCount "104"]
[EventDate "2012.07.06"]

1. e4 e5 2. Nf3 Nc6 3. d4 exd4 4. Nxd4 Nf6 5. Nxc6 bxc6 6. Bd3 d6 7. Nc3 Be7 8.
O-O O-O 9. b3 d5 10. Bf4 Bb4 11. Bd2 Bxc3 12. Bxc3 Nxe4 13. Bxe4 dxe4 14. Qxd8
Rxd8 15. Ba5 Bg4 16. h3 Bh5 17. Bxc7 Rd2 18. Rac1 g5 19. g4 Bg6 20. Rfd1 Rxd1+
21. Rxd1 e3 22. fxe3 Bxc2 23. Rd6 Bb1 24. a3 Re8 25. Kf2 Ba2 26. b4 Bd5 27. Bd8
h6 28. Bf6 Kh7 29. Bd4 a6 30. Kg3 Rg8 31. a4 Rb8 32. Bc3 Re8 33. Kf2 Rb8 34.
Rd7 Kg6 35. Ra7 Bc4 36. Re7 Rd8 37. Bd4 Be6 38. Ra7 Bc4 39. Ke1 h5 40. Kd2 hxg4
41. hxg4 f6 42. Rc7 Rd6 43. Kc3 Be2 44. Ra7 f5 45. gxf5+ Kxf5 46. e4+ Kg4 47.
e5 Re6 48. Rf7 Bf3 49. Kc4 Bd5+ 50. Kc5 Rxe5 51. Bxe5 Bxf7 52. Kxc6 Be8+
1/2-1/2

[Event "International Championship of Central Se"]
[Site "Paracin, hotel "]
[Date "2012.07.13"]
[Round "9.7"]
[White "Antic, Nenad"]
[Black "Stojanovic, Vladimir M"]
[Result "1-0"]
[WhiteElo "2031"]
[BlackElo "1949"]
[PlyCount "53"]
[EventDate "2012.07.06"]

1. d4 Nf6 2. Nf3 c5 3. d5 d6 4. c4 e5 5. Nc3 Nbd7 6. e4 Be7 7. Bd3 Nf8 8. h3
Ng6 9. a3 a5 10. Ne2 h5 11. Bd2 h4 12. b4 axb4 13. axb4 Rxa1 14. Qxa1 cxb4 15.
Bxb4 O-O 16. Qa3 Nh5 17. O-O Nhf4 18. Nxf4 Nxf4 19. Nxe5 Re8 20. Nf3 Bf6 21.
Rd1 Be5 22. Bf1 Qf6 23. Nxe5 Rxe5 24. Kh1 Nxh3 25. gxh3 Qxf2 26. Bg2 Bxh3 27.
Qxh3 1-0

[Event "International Championship of Central Se"]
[Site "Paracin, hotel "]
[Date "2012.07.13"]
[Round "9.8"]
[White "Nikolic, Vladimir"]
[Black "Khafizova, Yana"]
[Result "1-0"]
[WhiteElo "1987"]
[BlackElo "1934"]
[PlyCount "183"]
[EventDate "2012.07.06"]

1. Nf3 d5 2. d4 c6 3. c3 Nf6 4. g3 Bf5 5. Qb3 Qb6 6. Nbd2 Nbd7 7. Bg2 e6 8. O-O
Be7 9. Re1 Ne4 10. Nxe4 Bxe4 11. Bf4 O-O 12. Ne5 Qxb3 13. axb3 Nxe5 14. Bxe4
Nd7 15. Bg2 f5 16. h4 Nf6 17. b4 a6 18. f3 Nh5 19. Be5 f4 20. Bh3 Nxg3 21.
Bxe6+ Kh8 22. e3 Bxh4 23. exf4 Nh5 24. f5 Ng3 25. Bxg3 Bxg3 26. Re2 Rae8 27.
Kg2 Bh4 28. Rh1 Bg5 29. Kg3 h6 30. f4 Bd8 31. Kg4 Kh7 32. Reh2 Bc7 33. Re2 Bd6
34. Rh5 Rf6 35. Reh2 Rd8 36. Kf3 Re8 37. R5h4 Rff8 38. Rg2 Be7 39. Rhg4 Bf6 40.
Rg1 Rd8 41. Re1 Rde8 42. Rgg1 Bh4 43. Re2 Rd8 44. Reg2 Bf6 45. Rd1 Rd6 46. Re2
Rdd8 47. Ke3 Be7 48. Rg2 Bf6 49. Rdg1 Rd6 50. Kd3 Rdd8 51. b3 Rd6 52. Ra1 Rdd8
53. Rd2 Be7 54. Ke3 Rde8 55. Rg2 Rd8 56. Ra4 Bf6 57. Rd2 Rfe8 58. Kf3 Rf8 59.
Kg4 Rd6 60. Ra1 Rdd8 61. Rad1 Be7 62. Rd3 Rd6 63. Kh5 Rdd8 64. c4 Bxb4 65. c5
Rde8 66. Ra1 Re7 67. Rg1 Ba5 68. Rg6 Bc7 69. Re3 Ree8 70. f6 Bxf4 71. Rxg7+ Kh8
72. Kg6 Rxf6+ 73. Kxf6 Bxe3 74. Rxb7 Bxd4+ 75. Kf5 Bxc5 76. Bf7 Re7 77. Rb8+
Kg7 78. Be6 d4 79. Bc4 Bd6 80. Rg8+ Kh7 81. Rd8 Re5+ 82. Kg4 Rg5+ 83. Kf3 Be5
84. Bxa6 Bg7 85. Bd3+ Rg6 86. Rd6 Kg8 87. Bxg6 c5 88. Rd7 Bf8 89. Kg4 Kh8 90.
Kh5 Kg8 91. Bh7+ Kh8 92. Kg6 1-0

[Event "International Championship of Central Se"]
[Site "Paracin, hotel "]
[Date "2012.07.13"]
[Round "9.9"]
[White "Arsic, Djordje"]
[Black "Radovic, Luka"]
[Result "0-1"]
[WhiteElo "1949"]
[BlackElo "1982"]
[PlyCount "68"]
[EventDate "2012.07.06"]

1. e4 e6 2. d4 d5 3. Nc3 Nf6 4. Bg5 Be7 5. e5 Nfd7 6. Bxe7 Qxe7 7. Nb5 Nb6 8.
c3 a6 9. Na3 c5 10. Nc2 Nc6 11. f4 Nd7 12. Nf3 b5 13. Be2 O-O 14. O-O f5 15.
Ne3 h6 16. Qe1 Kh7 17. Bd3 cxd4 18. Nxd4 Bb7 19. Ndxf5 exf5 20. Nxf5 Qc5+ 21.
Kh1 g6 22. Nxh6 Kxh6 23. Qh4+ Kg7 24. Qg4 Ndxe5 25. fxe5 Nxe5 26. Qh3 Rxf1+ 27.
Rxf1 Rf8 28. Rd1 Nxd3 29. Qxd3 Qc4 30. Qxc4 dxc4 31. Kg1 Be4 32. g3 Bd3 33. a3
Re8 34. b3 Re2 0-1

[Event "International Championship of Central Se"]
[Site "Paracin, hotel "]
[Date "2012.07.13"]
[Round "9.10"]
[White "Stefanov, Evtim"]
[Black "Nikolic, Stanko"]
[Result "1/2-1/2"]
[WhiteElo "1969"]
[BlackElo "1911"]
[PlyCount "116"]
[EventDate "2012.07.06"]

1. e4 c5 2. Nf3 Nc6 3. Bb5 g6 4. Nc3 Bg7 5. Bxc6 dxc6 6. h3 e5 7. O-O Ne7 8. d3
O-O 9. Be3 b6 10. Qd2 Qc7 11. Bh6 f6 12. Nh2 g5 13. Bxg7 Kxg7 14. Qe2 Ng6 15.
Nd1 Nf4 16. Qd2 Be6 17. Ne3 Qd7 18. f3 h5 19. Kf2 Rh8 20. b3 Qd4 21. Rfd1 Rad8
22. Nhf1 g4 23. h4 gxf3 24. Kxf3 Qd7 25. g3 Bg4+ 26. Nxg4 Qxg4+ 27. Ke3 Ne6 28.
Qe2 Qg6 29. Kd2 Nd4 30. Qf2 Rhf8 31. Ne3 f5 32. c3 f4 33. cxd4 fxe3+ 34. Qxe3
cxd4 35. Qe2 Rf6 36. Rg1 Qh6+ 37. Kc2 Rdf8 38. Raf1 Rxf1 39. Rxf1 Rxf1 40. Qxf1
Qe3 41. Qf5 Qe2+ 42. Kc1 Qe1+ 43. Kc2 Qc3+ 44. Kd1 Qxd3+ 45. Kc1 Qc3+ 46. Kb1
Qxg3 47. Qd7+ Kf8 48. Qd8+ Kf7 49. Qd7+ Kf8 50. Qc8+ Ke7 51. Qc7+ Ke8 52. Qxc6+
Kd8 53. Qa8+ Kc7 54. Qxa7+ Kc6 55. Qa8+ Kc7 56. Qa7+ Kc6 57. Qa4+ Kb7 58. Qd7+
Kb8 1/2-1/2

[Event "International Championship of Central Se"]
[Site "Paracin, hotel "]
[Date "2012.07.13"]
[Round "9.11"]
[White "Djordjevic, Danilo"]
[Black "Ivic, Matija"]
[Result "0-1"]
[WhiteElo "1967"]
[BlackElo "1884"]
[PlyCount "146"]
[EventDate "2012.07.06"]

1. d4 Nf6 2. c4 g6 3. Nc3 Bg7 4. e4 d6 5. f3 O-O 6. Bg5 c5 7. d5 e6 8. dxe6
fxe6 9. Nb5 Qa5+ 10. Qd2 Qxd2+ 11. Bxd2 Ne8 12. Bc3 a6 13. Bxg7 Kxg7 14. Nc3
Nc6 15. Nge2 Rb8 16. a4 Nb4 17. O-O-O Bd7 18. e5 Rd8 19. exd6 Bc6 20. d7 Rxd7
21. Rxd7+ Bxd7 22. Ng3 Nd6 23. Be2 Nf5 24. Nxf5+ gxf5 25. f4 Bc6 26. Re1 Rd8
27. Bf1 Kf6 28. g3 h5 29. Re3 h4 30. Be2 hxg3 31. hxg3 Rh8 32. b3 Rh1+ 33. Kd2
Rh2 34. Kd1 b6 35. Kd2 Bb7 36. Kd1 Rh1+ 37. Kd2 Rg1 38. Nd1 Rh1 39. g4 Rh2 40.
Rg3 fxg4 41. Ne3 Bf3 42. Nxg4+ Bxg4 43. Rxg4 Nc6 44. Ke3 Rh3+ 45. Kd2 Nd4 46.
Bd3 Nxb3+ 47. Kc2 Nd4+ 48. Kc3 Rf3 49. Kd2 Rh3 50. Rg6+ Ke7 51. Rg7+ Kd6 52.
Rb7 Nf3+ 53. Ke2 Nd4+ 54. Kd2 Nc6 55. Rxb6 Kc7 56. a5 Nb4 57. Be4 Rh4 58. Ke3
Kd7 59. Bf3 Rh3 60. Ke4 Rg3 61. Rb7+ Kc6 62. Rb6+ Kd7 63. Rb7+ Kd6 64. Rb6+ Ke7
65. Rb7+ Kd6 66. Rb6+ Kd7 67. Bd1 Rc3 68. Ke5 Nc6+ 69. Rxc6 Kxc6 70. Kxe6 Rxc4
71. Bf3+ Kc7 72. f5 Rf4 73. Be2 Re4+ 0-1

[Event "International Championship of Central Se"]
[Site "Paracin, hotel "]
[Date "2012.07.13"]
[Round "9.12"]
[White "Radovanovic, Miroljub B"]
[Black "Zajic, Milun"]
[Result "1-0"]
[WhiteElo "1953"]
[BlackElo "1873"]
[PlyCount "87"]
[EventDate "2012.07.06"]

1. e4 d5 2. exd5 Qxd5 3. Nc3 Qd6 4. Nf3 Nf6 5. Nb5 Qd8 6. Bc4 a6 7. Nc3 b5 8.
Be2 Bb7 9. a3 e6 10. O-O Be7 11. h3 O-O 12. d3 c5 13. Be3 Nc6 14. Ne4 Nxe4 15.
dxe4 Qc7 16. c3 Na7 17. Qc2 Qc6 18. Nd2 Nc8 19. Bf3 e5 20. c4 Nb6 21. Rac1 Rfc8
22. Rfd1 Rc7 23. Qc3 Na4 24. Qc2 b4 25. axb4 cxb4 26. Nb3 a5 27. Rd5 Nb6 28.
Nxa5 Qf6 29. Bxb6 Qxb6 30. Nxb7 Qxb7 31. b3 f6 32. Rcd1 Qa7 33. Qd3 Bc5 34. Qd2
Qb6 35. Bg4 g6 36. Rd8+ Rxd8 37. Qxd8+ Kg7 38. Kh1 Bd4 39. Be6 Rb7 40. Qg8+ Kh6
41. Qf8+ Kh5 42. g4+ Kg5 43. h4+ Kf4 44. Qxf6+ 1-0

[Event "International Championship of Central Se"]
[Site "Paracin, hotel "]
[Date "2012.07.13"]
[Round "9.15"]
[White "Stojadinovic, Tomislav"]
[Black "Matsenko, Elena"]
[Result "0-1"]
[WhiteElo "1896"]
[BlackElo "1996"]
[PlyCount "69"]
[EventDate "2012.07.06"]

1. e4 c5 2. c3 Nf6 3. e5 Nd5 4. Nf3 Nc6 5. Bc4 Nb6 6. Bb3 c4 7. Bc2 Qc7 8. Qe2
g5 9. h3 Bg7 10. O-O Nxe5 11. Nxg5 h6 12. Ne4 d5 13. Ng3 Be6 14. f4 Qc5+ 15.
Kh1 Nc6 16. f5 Bd7 17. f6 Bf8 18. d4 cxd3 19. Bxd3 O-O-O 20. b4 Qd6 21. b5 exf6
22. Nf5 Bxf5 23. Bxf5+ Kb8 24. bxc6 Qxc6 25. a4 Bd6 26. a5 Nc4 27. Rd1 Rhg8 28.
Bg4 Ne5 29. Bf3 Nxf3 30. Qxf3 Rg3 31. Qf1 Rdg8 32. Ra2 d4 33. Re2 d3 34. Rf2
Rxh3+ 35. Kg1 0-1

[Event "International Championship of Central Se"]
[Site "Paracin, hotel "]
[Date "2012.07.13"]
[Round "9.16"]
[White "Kosir, Franci"]
[Black "Boskovic, Maksimilijan"]
[Result "1/2-1/2"]
[WhiteElo "1925"]
[BlackElo "1888"]
[PlyCount "42"]
[EventDate "2012.07.06"]

1. Nf3 Nf6 2. c4 c5 3. Nc3 e6 4. g3 d6 5. Bg2 Be7 6. O-O O-O 7. d4 cxd4 8. Nxd4
a6 9. b3 Qc7 10. Bb2 Bd7 11. Rc1 Re8 12. Qd2 Bf8 13. e4 Qa5 14. Rfd1 Nc6 15.
Nxc6 Bxc6 16. Nd5 Qxd2 17. Nxf6+ gxf6 18. Rxd2 Be7 19. Rcd1 Red8 20. h4 Rd7 21.
Ba3 Rad8 1/2-1/2

[Event "International Championship of Central Se"]
[Site "Paracin, hotel "]
[Date "2012.07.13"]
[Round "9.17"]
[White "Mirkovic, Dejan"]
[Black "Radzhabov, Rodion"]
[Result "1-0"]
[WhiteElo "1919"]
[BlackElo "1867"]
[PlyCount "149"]
[EventDate "2012.07.06"]

1. Nf3 Nf6 2. c4 c5 3. Nc3 g6 4. d4 cxd4 5. Nxd4 Bg7 6. e4 d6 7. Be2 Nc6 8. Nb3
O-O 9. O-O Be6 10. f3 Rc8 11. Be3 Ne5 12. c5 Nc4 13. Qc1 Nxe3 14. Qxe3 Bxb3 15.
axb3 Rxc5 16. Rxa7 Qb6 17. Ra3 Qc7 18. b4 Rh5 19. f4 Rh6 20. Rd1 Qc8 21. h3 Re8
22. Ra5 Nd7 23. Bg4 Rf8 24. Nd5 Qd8 25. b3 e6 26. Nc3 Qe7 27. Ne2 Nf6 28. Bf3
e5 29. fxe5 dxe5 30. Rb5 Nh5 31. Qa7 Qe6 32. Rdd5 Nf6 33. Rd3 Qc6 34. Rc5 Qa6
35. Qxa6 bxa6 36. Ra5 Ne8 37. Rd8 g5 38. Ra8 Rb6 39. Ra4 Nc7 40. Ra7 Rc8 41.
Bg4 Ne6 42. R7xa6 Rcb8 43. Rxb6 Rxb6 44. Bxe6 Rxe6 45. b5 Rb6 46. Nc3 Bf8 47.
Rc4 Rb7 48. Kf2 Ba3 49. Ke2 Kf8 50. Kd3 Ke8 51. Rc6 Bb4 52. Rh6 Bf8 53. Rxh7
Ke7 54. Nd5+ Ke6 55. Kc4 Rb8 56. b6 f5 57. exf5+ Kxf5 58. Rf7+ Ke6 59. Rc7 Bd6
60. Rc6 Kd7 61. Kb5 e4 62. Nf6+ Ke7 63. Nxe4 Bf4 64. Rg6 Kf7 65. Rc6 Ke7 66.
Nc5 Bd6 67. Na6 Rb7 68. Nc7 Kd7 69. Rc4 Bg3 70. Ka6 Rb8 71. Ka7 Rh8 72. Rd4+
Kc6 73. b4 Bxc7 74. bxc7 Kxc7 75. Rc4+ 1-0

[Event "International Championship of Central Se"]
[Site "Paracin, hotel "]
[Date "2012.07.13"]
[Round "9.18"]
[White "Milutinovic, Stefana"]
[Black "Milosavljevic, Delimir"]
[Result "1-0"]
[WhiteElo "1896"]
[BlackElo "1824"]
[PlyCount "63"]
[EventDate "2012.07.06"]

1. d4 Nf6 2. c4 g6 3. Nc3 Bg7 4. e4 d6 5. Nf3 O-O 6. h3 e5 7. dxe5 dxe5 8. Qxd8
Rxd8 9. Bg5 Re8 10. O-O-O c6 11. Nxe5 Be6 12. Nf3 Na6 13. Be3 Nc7 14. Bd3 h6
15. a3 b6 16. e5 Nd7 17. Be4 Nb8 18. Nd4 Bd7 19. f4 Ne6 20. Ncb5 Rc8 21. Nd6
Rd8 22. Nxe6 Bxe6 23. Bd4 Bf8 24. c5 b5 25. Nxb5 Bb3 26. Rd2 Rc8 27. Nd6 Rc7
28. Rd3 Be6 29. g4 Bd7 30. f5 Kh7 31. Nxf7 gxf5 32. gxf5 1-0

[Event "International Championship of Central Se"]
[Site "Paracin, hotel "]
[Date "2012.07.13"]
[Round "9.19"]
[White "Cvetic, Milan"]
[Black "Ratkovic, Petar"]
[Result "1-0"]
[WhiteElo "2063"]
[BlackElo "1527"]
[PlyCount "105"]
[EventDate "2012.07.06"]

1. e4 c6 2. d4 d5 3. e5 Bf5 4. Bd3 Bxd3 5. Qxd3 e6 6. Ne2 Ne7 7. O-O Nd7 8. Nd2
c5 9. c3 Nc6 10. Qg3 Qb6 11. Nf3 g6 12. b3 cxd4 13. cxd4 Rc8 14. Bd2 Bg7 15. h4
Nb4 16. Bxb4 Qxb4 17. Rac1 O-O 18. h5 Bh6 19. Rxc8 Rxc8 20. hxg6 hxg6 21. Nf4
Bxf4 22. Qxf4 Qf8 23. Qg4 Qh6 24. Ng5 Rc6 25. g3 Nf8 26. Qf4 Qg7 27. Kg2 Nh7
28. Nxh7 Kxh7 29. Qh4+ Kg8 30. Rh1 g5 31. Qg4 Qg6 32. Rh5 Qe4+ 33. Qxe4 dxe4
34. Rxg5+ Kf8 35. Rg4 e3 36. Re4 exf2 37. Kxf2 Rc2+ 38. Re2 Rc3 39. Rd2 Ke7 40.
Kg2 b5 41. Kh3 b4 42. Kg4 Rc1 43. d5 exd5 44. Rxd5 Rc6 45. Ra5 a6 46. Ra4 Rb6
47. Kf4 Kd7 48. Ra5 Re6 49. g4 Ke8 50. g5 Ke7 51. Rc5 Kf8 52. Rd5 Kg7 53. Rd6
1-0

[Event "International Championship of Central Se"]
[Site "Paracin, hotel "]
[Date "2012.07.13"]
[Round "9.20"]
[White "Djuretanovic, Ivan"]
[Black "Velikic, Vule"]
[Result "1-0"]
[WhiteElo "2051"]
[BlackElo "1816"]
[PlyCount "107"]
[EventDate "2012.07.06"]

1. e4 e5 2. f4 exf4 3. Nf3 d5 4. e5 g5 5. d4 Bg7 6. Bd3 Nc6 7. O-O Nb4 8. Nxg5
Nxd3 9. Nxf7 Kxf7 10. Qh5+ Kf8 11. cxd3 Nh6 12. Bxf4 Nf5 13. g4 Qh4 14. Qxh4
Nxh4 15. Bg3+ Ke8 16. Bxh4 Bxg4 17. Nc3 c6 18. Rf4 Be6 19. Raf1 Kd7 20. Bf6
Rhg8 21. Kh1 Bxf6 22. Rxf6 Ke7 23. Ne2 Raf8 24. Rxf8 Rxf8 25. Rxf8 Kxf8 26. Kg2
Bf5 27. Nf4 Kf7 28. b4 Bg4 29. Kg3 Bd1 30. Kh4 h6 31. Kg3 b6 32. Kf2 Bg4 33.
Ke3 a6 34. h3 Bf5 35. Kf3 Kg7 36. Kg3 Bd7 37. a3 Bf5 38. Kh4 Bd7 39. Nh5+ Kg6
40. Nf4+ Kg7 41. e6 Be8 42. Kg4 Kf6 43. h4 c5 44. bxc5 b5 45. Nxd5+ Kxe6 46.
Nc7+ Kd7 47. Nxa6 Bg6 48. Nb4 Ke6 49. Kf4 Bh7 50. d5+ Kf6 51. c6 Bf5 52. d6 Bh3
53. d7 Ke7 54. Ke5 1-0

[Event "International Championship of Central Se"]
[Site "Paracin, hotel "]
[Date "2012.07.13"]
[Round "9.21"]
[White "Arandjelovic, Aleksandar Z"]
[Black "Majcen, Zoran"]
[Result "1/2-1/2"]
[WhiteElo "2030"]
[BlackElo "1809"]
[PlyCount "42"]
[EventDate "2012.07.06"]

1. e4 e6 2. d4 d5 3. Nc3 dxe4 4. Nxe4 Nd7 5. Nf3 Be7 6. Bd3 Ngf6 7. Ng3 c5 8.
O-O O-O 9. c3 b6 10. Bg5 Bb7 11. Re1 Re8 12. Rc1 Rc8 13. Bb1 Qc7 14. Bxf6 Nxf6
15. Ne5 cxd4 16. Nh5 g6 17. Nxf6+ Bxf6 18. cxd4 Qxc1 19. Qxc1 Rxc1 20. Rxc1 Rc8
21. Rxc8+ Bxc8 1/2-1/2

[Event "International Championship of Central Se"]
[Site "Paracin, hotel "]
[Date "2012.07.13"]
[Round "9.22"]
[White "Pavlovic, Slobodan Z"]
[Black "Zivkovic, Zivojin"]
[Result "0-1"]
[WhiteElo "1805"]
[BlackElo "1991"]
[PlyCount "62"]
[EventDate "2012.07.06"]

1. d4 Nf6 2. c4 g6 3. g3 Bg7 4. Nc3 d6 5. e4 O-O 6. Be2 e5 7. d5 a5 8. a4 Na6
9. h4 Nc5 10. h5 Nfxe4 11. Be3 Qe7 12. Nf3 Bg4 13. Nxe4 Nxe4 14. hxg6 fxg6 15.
Ra3 Qf6 16. Bh6 Bxh6 17. Rxh6 Bxf3 18. Rxf3 Qg5 19. Rh4 Rxf3 20. Bxf3 Nc5 21.
Rg4 Qf5 22. Kf1 Rf8 23. Kg2 e4 24. Be2 Qxf2+ 25. Kh3 Rf5 26. Rh4 Kg7 27. Qd2 g5
28. Rh5 h6 29. Qc3+ Rf6 30. Bg4 Nxa4 31. Qc1 Qf1+ 0-1

[Event "International Championship of Central Se"]
[Site "Paracin, hotel "]
[Date "2012.07.13"]
[Round "9.23"]
[White "Zdravkovic, Dragan S"]
[Black "Antonijevic, Milutin"]
[Result "0-1"]
[WhiteElo "1943"]
[BlackElo "1790"]
[PlyCount "120"]
[EventDate "2012.07.06"]

1. e4 c5 2. Nf3 Nc6 3. d4 cxd4 4. Nxd4 d6 5. Nc3 g6 6. Be3 Bg7 7. Qd2 Nf6 8. f3
Nxd4 9. Bxd4 Nh5 10. Be3 O-O 11. Bh6 Qa5 12. g4 Nf6 13. h4 Bxh6 14. Qxh6 Qe5
15. O-O-O Be6 16. h5 g5 17. Nd5 Bxd5 18. exd5 Nd7 19. Bd3 Qg7 20. Qxg7+ Kxg7
21. c4 h6 22. b3 b6 23. Rhf1 Ne5 24. Bf5 a5 25. f4 gxf4 26. Kb2 f3 27. a4 Kf6
28. Rd4 Rg8 29. Kc3 Rg5 30. Be4 Rxg4 31. Kd2 Rg2+ 32. Ke3 Rb2 33. Rb1 Rxb1 34.
Bxb1 Rg8 35. Rf4+ Kg5 36. Rf5+ Kg4 37. Be4 Rg5 38. Rf4+ Kxh5 39. Bxf3+ Kg6 40.
Be4+ Kg7 41. Kd2 Rg4 42. Rxg4+ Nxg4 43. Kc3 Kf6 44. Bf3 Ne5 45. Be2 e6 46. b4
exd5 47. cxd5 Kf5 48. bxa5 bxa5 49. Kd4 Kf4 50. Bh5 f5 51. Be2 Kg5 52. Ke3 h5
53. Bf1 h4 54. Kd4 Kf4 55. Bh3 Kg5 56. Bf1 Kg4 57. Ke3 Kg3 58. Kd4 Nf3+ 59. Kc4
Nd2+ 60. Kb5 Nxf1 0-1

[Event "International Championship of Central Se"]
[Site "Paracin, hotel "]
[Date "2012.07.13"]
[Round "9.25"]
[White "Vasilev, Martin"]
[Black "Brankovic, Slavoljub"]
[Result "1/2-1/2"]
[WhiteElo "1596"]
[BlackElo "1920"]
[PlyCount "64"]
[EventDate "2012.07.06"]

1. e4 c5 2. Nf3 Nc6 3. Bb5 Qc7 4. O-O a6 5. Bxc6 Qxc6 6. Nc3 e6 7. d3 Ne7 8.
Ne5 Qc7 9. Bf4 d6 10. Nf3 Nc6 11. Be3 Be7 12. Qe2 b5 13. Ne1 b4 14. Nd1 O-O 15.
f4 d5 16. f5 exf5 17. exf5 Ne5 18. Bf4 f6 19. Nf3 Bd6 20. Ne3 Bb7 21. Rae1 Rfe8
22. Nxe5 Bxe5 23. Bxe5 Rxe5 24. Qf2 Rae8 25. Ng4 Rxe1 26. Rxe1 Rxe1+ 27. Qxe1
Qd7 28. Qg3 Kf7 29. Ne3 Qc8 30. Qf3 d4 31. Nc4 Kf8 32. Nb6 Qc7 1/2-1/2

[Event "International Championship of Central Se"]
[Site "Paracin, hotel "]
[Date "2012.07.13"]
[Round "9.26"]
[White "Cokan, Mirko"]
[Black "Nadvesnik, Vilma"]
[Result "1/2-1/2"]
[WhiteElo "1800"]
[BlackElo "1906"]
[PlyCount "32"]
[EventDate "2012.07.06"]

1. e4 c5 2. Nf3 Nc6 3. c3 d5 4. exd5 Qxd5 5. d4 Bg4 6. Be2 Nf6 7. Be3 cxd4 8.
cxd4 e6 9. Nc3 Qd6 10. O-O Be7 11. Nb5 Qd7 12. Rc1 O-O 13. a3 Rfd8 14. h3 Bh5
15. Ne5 Nxe5 16. dxe5 Qxd1 1/2-1/2

[Event "International Championship of Central Se"]
[Site "Paracin, hotel "]
[Date "2012.07.13"]
[Round "9.27"]
[White "Milanovic, Maja"]
[Black "Injac, Teodora"]
[Result "1-0"]
[WhiteElo "1879"]
[BlackElo "1679"]
[PlyCount "59"]
[EventDate "2012.07.06"]

1. e4 d6 2. d4 Nf6 3. Nc3 g6 4. f4 Bg7 5. Nf3 O-O 6. Bd3 c6 7. O-O b5 8. e5 Ne8
9. Ne4 d5 10. Nc5 e6 11. Kh1 Nd7 12. Nxd7 Bxd7 13. Be3 Nc7 14. g4 Na6 15. a3
Qc8 16. Qe2 Rb8 17. b4 Nc7 18. Qg2 Na8 19. Nh4 Nb6 20. f5 Nc4 21. Bxc4 dxc4 22.
f6 Bh8 23. c3 c5 24. bxc5 Bc6 25. Nf3 Qc7 26. Qh3 Qa5 27. Bd2 Qd8 28. Kg1 Bxf3
29. Rxf3 Qd5 30. Re3 1-0

[Event "International Championship of Central Se"]
[Site "Paracin, hotel "]
[Date "2012.07.13"]
[Round "9.28"]
[White "Janzelj, Lara"]
[Black "Nikolic, Milan"]
[Result "0-1"]
[WhiteElo "1745"]
[BlackElo "1857"]
[PlyCount "82"]
[EventDate "2012.07.06"]

1. d4 Nf6 2. c4 g6 3. Nc3 d5 4. Bf4 c6 5. e3 Bg7 6. Nf3 Qb6 7. Qb3 O-O 8. cxd5
Nxd5 9. Nxd5 cxd5 10. Qxb6 axb6 11. a3 Bg4 12. Bc7 Bxf3 13. gxf3 Nd7 14. Bb5
Rfc8 15. Bg3 Nf6 16. Kd2 Nh5 17. Rac1 Nxg3 18. hxg3 e5 19. dxe5 Bxe5 20. Rxc8+
Rxc8 21. Rb1 Rc5 22. a4 Kf8 23. Kd3 Ke7 24. e4 Ke6 25. f4 dxe4+ 26. Kxe4 Bg7
27. f3 Rc2 28. b3 Rc3 29. Bc4+ Ke7 30. Re1 f5+ 31. Kd5+ Kf8 32. Kd6 Bd4 33. Bd5
Bf2 34. Re6 Bxg3 35. Re7 Bxf4+ 36. Ke6 Re3+ 37. Be4 Bg5 38. Rxb7 fxe4 39. fxe4
Rxe4+ 40. Kd5 Rb4 41. Rb8+ Kg7 0-1